| 000 | 01008cam a2200241 4500 | ||
|---|---|---|---|
| 001 | WB3642-24 | ||
| 008 | 000000n2000 000 0 eng u | ||
| 035 | _a(Sirsi) u108951 | ||
| 245 | _aSustainable aggregates supply | ||
| 260 | _c2000 | ||
| 490 |
_aDETR News Release _v(663) 23 October 2000, (2) |
||
| 520 | _aA government consultation is launched to guarantee sustainable aggregate minerals supply in England. The consultation, which emphasises the use of recycled materials, commences the review of the Mineral Planning Guidance Note 6. The consultation paper can be found on the DETR webiste at http://www.planning.detr.gov.uk/coindex.htm. Responses by 31 January 2001. | ||
| 590 | _aWB | ||
| 650 | _aPLANNING GUIDANCE | ||
| 650 | _aMINERAL EXTRACTION | ||
| 650 | _aRECYCLED MATERIALS | ||
| 650 | _aENVIRONMENTAL SUSTAINABILITY | ||
| 650 | _aAGGREGATES | ||
| 650 | _aMINERALS PLANNING | ||
| 650 | _aMINERALS PLANNING GUIDANCE NOTE SIX | ||
| 690 | _aMINING AND MINERALS | ||
| 942 | _n0 | ||
| 999 |
_c65059 _d65059 |
||